Music Quiz

Random Music or Song Quiz
Score 0/36 Timer 05:00
5 Plays Today
Hint Answer % Correct
The BeatlesJude
98.1%
Led ZeppelinHeaven
96.5%
Pink FloydHere
95.5%
QueenRhapsody
94.2%
Sex PistolsQueen
92.1%
QueenChampions
91.5%
The Rolling StonesBlack
90.9%
Led ZeppelinLove
86.2%
The ClashCalling
85.9%
The WhoWizard
85.4%
The BeatlesWalrus
84.8%
Dire StraitsNothing
83.5%
The Rolling StonesFlash
83.4%
The WhoAgain
83.4%
The Rolling StonesUp
82.7%
Dire StraitsSwing
82.5%
Pink FloydNumb
81%
ColdplayVida
79.4%
Hint Answer % Correct
The ClashLaw
79.2%
The ClashCasbah
76.5%
Sex PistolsU.K.
76.1%
OasisAnger
72.6%
Dire StraitsLife
72.2%
OasisSupernova
66.9%
The WhoO'Riley
56.9%
The BeatlesUniverse
56.7%
Led ZeppelinDog
56.5%
ColdplayStars
48.5%
GenesisTouch
48%
GenesisDance
41.4%
GenesisConfusion
38.8%
Sex PistolsVacant
28.3%
OasisAway
27.9%
Pink FloydPlay
26.5%
QueenVision
26.4%
ColdplayPlace
19.8%
Remove Ads.
Support Sporcle.
Get the best of Sporcle when you Go Orange. This ad-free experience offers more features, more stats, and more fun while also helping to support Sporcle. Thank you for becoming a member.

You're not logged in!

Compare scores with friends on all Sporcle quizzes.
OR
Log In

Show Comments

Extras

Top Quizzes Today


Score Distribution

Your Account Isn't Verified!

In order to create a playlist on Sporcle, you need to verify the email address you used during registration. Go to your Sporcle Settings to finish the process.

Report this User

Report this user for behavior that violates our Community Guidelines.

Details: